000 00533nam a22002057a 4500
003 Ost
005 20260318042031.0
008 260318b |||||||| |||| 00| 0 eng d
020 _a9783642375859
040 _cBT-PhCST
050 _a25841
082 _222
_a628.1
_bYOU
100 _aYounos, Tamim.
245 _aClimate change and water resources /
260 _aSingapore :
_bSpringer,
_cc2013.
300 _axviii, 221 p. :
_bill. ;
_c24 cm.
500 _aIncludes index.
700 _aGrady, Caitlin A.
942 _2ddc
_cWRE
999 _c10225
_d10225